宁波地铁4号线 - Statistics

General Stats
  • This quiz has been taken 2 times
  • The average score is 4 of 26
Answer Stats
Answer % Correct
南高教园区
100%
小洋江
100%
洪塘中路
50%
东钱湖
50%
国际会议中心
50%
慈城西
0%
慈城
0%
官山河
0%
长兴路
0%
金山路
0%
奥体中心
0%
洪大路
0%
庄桥火车站
0%
丽江路
0%
双东路
0%
翠柏里
0%
大卿桥
0%
柳西
0%
宁波火车站
0%
兴宁桥西
0%
兴宁桥东
0%
白鹤
0%
矮柳
0%
潘火路
0%
嵩江东路
0%
金达南路
0%
No matching quizzes found
Score Distribution
Percent of People with Each Score
Percentile by Number Answered
Your Score History
You have not taken this quiz